MALAYSIA : Melangkah ke hadapan

Bibliographic Details
Format: Book
Published: Kuala Lumpur : Jabatan Perdana Menteri , 1991
Subjects:

MARC

LEADER 00000cam a2200000 7i4500
001 0000001229
005 20071102.0
090 0 0 |a 303.49595   |b MAL 1991 
245 0 0 |a MALAYSIA :   |b Melangkah ke hadapan 
260 0 0 |a Kuala Lumpur :   |b Jabatan Perdana Menteri ,   |c 1991 
300 |a 20 p. ;   |c 22x14 cm. 
500 0 0 |a Translated from 'Malaysia : The way forward' 
650 0 0 |a Economic forecasting   |z Malaysia 
650 0 0 |a Social prediction   |z Malaysia 
650 0 0 |a Twenty-first century   |x Forecasts 
651 0 0 |a Malaysia   |x Economic policy 
998 |a JPSM 
999 |a 0000002643   |b Monograph   |c Open Shelf   |e Default branch